000 00347nam a2200157Ia 4500
003 OSt
005 20240304095801.0
008 170523s9999 xx 000 0 und d
020 _a978-0134571102
040 _cIIMTU
100 _aBETTY- HREEDER
245 0 _aINDUSTRIAL MARKETING
260 _bNEW DELHI PHI
260 _c2000
942 _2ddc
_c02
999 _c882
_d882